000 00980nam a22003257a 4500
001 BR0809016
003 BR-BrBNA
005 20230928102808.0
007 ta
008 230509b bl.||||| |||| 00| 0 por d
040 _aBR-BrBNA
_bpor
_cBiblioteca Nacional de Agricultura
041 _a(Por)
072 _aL02; L74
_b5213
090 _ 5213 BR0809016
100 1 _aHernández, F.I.L.
100 1 _aMancio, A.B.
100 1 _aFerreira, A.S.
245 1 _aSuplementação mineral para gado de corte; novas estratégias
_bColeção Pecuária de Corte Intensiva, 1
260 3 _aViçosa, MG (Brasil):
_bAprenda Fácil Editora,
_c2001.
300 _a164 p.
500 _aBibliography p. 130-150; 6 illus.; 11 tables
650 _aGADO DE CORTE
650 _aDEFICIÊNCIA MINERAL
650 _aSUPLEMENTO MINERAL
650 _aNUTRIÇÃO ANIMAL
650 _aRAÇÃO
650 _aABSORÇÃO DE NUTRIENTES
909 _a202309
_bLucia
_c55
_dLucia Elande
942 _cBK
999 _c72477
_d72477